000 00934 a2200445 4500
000 BKB
001 071586
005 20200902151026.0
008
010 _a
020 _a
082 _a616.079
_bM95J
100 1 _aMurphy, Kenneth and Travers, Paul
110 _a
245 1 _aJaneway's immuno biology
_cby Kenneth Murphy and Paul Travers
250 _a7th ed.
260 _aNew York
_bGarland Science
_c2008
300 _a887p.
490 _a
_v
500 _a
600 _a
610 _a
611 _a
630 _a
650 _a
651 _a
654 _a
690 _aImmunology; Immunity; Immunotherapy; Immune system--Physiology
700 _a
_b
_c
710 _a
_b
_c
711 _a
720 _a
730 _a
740 _a
752 _a
856 _a
_d
_f
904 _a
964 _a
_b
_c
_d
_e
_f
_g
965 _a
999 _c4875
_d4875